What Countries have had UFC Champions - Statistics

General Stats
  • This quiz has been taken 75 times
    45 since last reset
  • The average score is 16 of 21
Answer Stats
No. Individual Champions Country % Correct
22 Brazil
100%
73 United States
100%
2 Canada
97%
5 Russia
97%
3 Mexico
94%
1 China
88%
2 Georgia
88%
2 Nigeria
88%
3 Australia
84%
1 Ireland
84%
2 Japan
84%
2 Poland
81%
1 France
78%
1 South Africa
78%
1 Cameroon
69%
3 England
66%
1 Belarus
53%
1 Kyrgyzstan
53%
2 Netherlands
50%
1 Czech Republic
47%
1 United Arab Emirates
47%
No matching quizzes found
Score Distribution
Percent of People with Each Score
Percentile by Number Answered
Your Score History
You have not taken this quiz since the last reset